Measure theory / (Record no. 26085)

MARC details
000 -LEADER
fixed length control field 00919cam a22002775a 4500
001 - CONTROL NUMBER
control field 7894190
005 - DATE AND TIME OF LATEST TRANSACTION
control field 20240818093030.0
008 - FIXED-LENGTH DATA ELEMENTS--GENERAL INFORMATION
fixed length control field 730105t1950 nyu frb 001 0 eng d
020 ## - INTERNATIONAL STANDARD BOOK NUMBER
International Standard Book Number 9781468494426
035 ## - SYSTEM CONTROL NUMBER
System control number (OCoLC)529634
040 ## - CATALOGING SOURCE
Original cataloging agency DLC
Transcribing agency ODaWU
Modifying agency OCoLC
-- Uk
-- DLC
-- EG-ScBUE
Language of cataloging eng
082 04 - DEWEY DECIMAL CLASSIFICATION NUMBER
Classification number 513.83
Edition number 22
Item number HAL
100 1# - MAIN ENTRY--PERSONAL NAME
Personal name Halmos, Paul R.
Fuller form of name (Paul Richard),
Dates associated with a name 1916-2006.
245 10 - TITLE STATEMENT
Title Measure theory /
Statement of responsibility, etc Paul R. Halmos.
260 ## -
-- New York :
-- Springer Science + Business Maedia,
-- c.1950.
300 ## - PHYSICAL DESCRIPTION
Extent xi, 304 p. ;
Dimensions 24 cm.
336 ## - CONTENT TYPE
Source rdacontent
Content type term text
Content type code txt
337 ## - MEDIA TYPE
Media type term unmediated
Source rdamedia
Media type code n
338 ## - CARRIER TYPE
Carrier type term volume
Carrier type code nc
Source rdacarrier
490 0# - SERIES STATEMENT
Series statement Graduate texts in mathematics,
Volume number/sequential designation 18.
504 ## - BIBLIOGRAPHY, ETC. NOTE
Bibliography, etc Includes bibliographical references and index.
650 #7 - SUBJECT ADDED ENTRY--TOPICAL TERM
Topical term or geographic name as entry element Topology.
Source of heading or term BUEsh
9 (RLIN) 6178
650 #7 - SUBJECT ADDED ENTRY--TOPICAL TERM
Topical term or geographic name as entry element Measure theory.
Source of heading or term BUEsh
9 (RLIN) 37347
653 ## - INDEX TERM--UNCONTROLLED
Resource For college Generalities
Arrived date list February2018
942 ## - ADDED ENTRY ELEMENTS (KOHA)
Source of classification or shelving scheme Dewey Decimal Classification
Classification part RDA-MOD
Holdings
Withdrawn status Lost status Source of classification or shelving scheme Damaged status Not for loan Collection code Home library Current library Shelving location Date acquired Source of acquisition Cost, normal purchase price Serial Enumeration / chronology Total Checkouts Full call number Barcode Date last seen Cost, replacement price Price effective from Koha item type
    Dewey Decimal Classification     Baccah Central Library Central Library First floor 05/02/2018 Purchase 587.00 21201   513.83 HAL 000047229 15/07/2025 734.00 05/02/2018 Book - Borrowing